Výpočet cash flow a bilancia cash flow

Na minha lista:
Detalhes bibliográficos
Autor principal: Czillingová, Jana
Formato: Capítulo de Livro
Idioma:eslovaco
Tags: Adicionar Tag
Sem tags, seja o primeiro a adicionar uma tag!

MARC

LEADER 00000naa$a2200000$$$4500
001 0160323
005 20240502072800.3
041 0 |a slo 
044 |a SK 
245 1 0 |a Výpočet cash flow a bilancia cash flow  |c Jana Czillingová 
100 1 |a Czillingová, Jana